Frankreich A-Z - Statistiken

Allgemein
  • Dieses Quiz wurde 3.029 mal gespielt
  • Das Durchschnittsergebnis liegt bei 18 aus 26
Antwortstatistiken
Hinweis Antwort % Korrekt
P Hauptstadt Paris
96%
E Währung Euro
94%
A Hochgebirge Alpen
92%
S Fluss der durch #P fließt Seine
91%
J Gruß: Bon____ jour
90%
N Berühmte Kathedrale {Notre-Dame} de Paris
85%
W Frankreich gewann dies 1998 und 2018 Weltmeisterschaft
85%
C Ort in dem jährlich Filmfestspiele stattfinden Cannes
83%
K Mittelmeerinsel Korsika
81%
H Französische Modemarke die nach einem griechischen Gott benannt ist Hermès
79%
T Arc de ________ Triomphe
77%
Y Modedesigner: ____ Saint Laurent Yves
77%
F Liberté, Égalité, __________ Fraternité
71%
R Was Pierre & Marie Curie studierten/ erforschten Radioaktivität
71%
V 1871 proklamieren die deutschen Fürsten Wilhelm I. hier zum Deutschen Kaiser Versailles
71%
G Fallbeil Guillotine
70%
B Weinbaugebiet in Südwestfrankreich Bordeaux
67%
O Jeanne d’Arc Jungfrau von {Orléans}
63%
L Längster Fluss Loire
61%
Z Während dieses Krieges wird Frankreich in sechs Wochen erobert Zweiter Weltkrieg
58%
I Malereistil von Monet and Renoir {Impression}ismus
51%
M Nationalhymne Marseillaise
48%
U Was die Sorbonne ist Universität
41%
D Autor des "Graf von Monte Christo" {Alexandre Dumas} der Ältere
26%
X Wurde von Caesar bei Alesia geschlagen Endet auf ein X Vercingetorix
21%
Q Drittgrößte Stadt der Bretagne Quimper
19%
Keine übereinstimmenden Quizze gefunden
Verteilung der Resultate
Anzahl Personen mit jedem Resultat
Perzentil nach korrekt beantworteten Fragen
Ihre Resultats-Entwicklung
Sie haben dieses Quiz noch nicht gespielt